00560 2200217 4500001002100000005001500021035002000036007000300056008004100059020001800100082000800118084001500126100001800141245005000159250002100209260003600230300003400266650002000300990001100320990001100331INLIS00000000000320220190220100714 a0010-0219000144ta190220 g 0 ind  a979-3931-95-7 a420 a420 IMA a0 aIMAM, Baehaqi1 aA Handbook Of English Grammar /cImam Baehaqi aed.Revisi, cet.3 aYogyakarta :bMedia Ilmu,c2018 avii, 490 hlm :bilus ;c24 cm aBAHASA. INGGRIS a6555 a a6555 b